| 000 | 00516nam a22001817a 4500 | ||
|---|---|---|---|
| 001 | 000018174 | ||
| 005 | 20200929165403.0 | ||
| 008 | 921020s1991 enk 000 0 eng | ||
| 010 | _a92229284 | ||
| 020 |
_a0263128741 : _c8.50 |
||
| 040 |
_aDO-SdBNP _cDLC |
||
| 050 | 0 | 0 |
_aPR6052.I17 _bN6 1991 |
| 100 | 1 |
_aBianchin, Helen. _939385 |
|
| 245 | 1 | 0 |
_aNo gentle seduction / _cHelen Bianchin. |
| 260 |
_aRichmond, Surrey : _bMills & Boon, _cc1991. |
||
| 300 |
_a189 p. ; _c19 cm. |
||
| 910 | _aCatalogación por copia / LC | ||
| 999 |
_c17695 _d17695 |
||